<?xml version="1.0" encoding="UTF-8"?>
<collection xmlns="http://www.loc.gov/MARC21/slim">
 <record>
  <leader>00537pamaa2200169   4500</leader>
  <controlfield tag="001">0000040596</controlfield>
  <controlfield tag="005">20060621090000.0</controlfield>
  <datafield tag="020" ind1="0" ind2="0">
   <subfield code="a">815731195 (pbk) </subfield>
  </datafield>
  <datafield tag="090" ind1="0" ind2="0">
   <subfield code="a">RS380 </subfield>
   <subfield code="b">KOR 2005</subfield>
  </datafield>
  <datafield tag="100" ind1="1" ind2="0">
   <subfield code="a">KORI </subfield>
  </datafield>
  <datafield tag="245" ind1="1" ind2="0">
   <subfield code="a">Pharmaceutical biotechnology : </subfield>
   <subfield code="b">fundamentals and applications  </subfield>
   <subfield code="c">written by S.S. Kori, M.A. Halkai; foreword by P. Ellaiah.</subfield>
  </datafield>
  <datafield tag="260" ind1="0" ind2="0">
   <subfield code="a">New Delhi: </subfield>
   <subfield code="b">CBS Publishers and Distributors, </subfield>
   <subfield code="c">2005.</subfield>
  </datafield>
  <datafield tag="300" ind1=" " ind2=" ">
   <subfield code="a">viii, 406p.; </subfield>
   <subfield code="c">24 cm.</subfield>
  </datafield>
  <datafield tag="650" ind1="0" ind2="0">
   <subfield code="a">Pharmaceuticai -- </subfield>
   <subfield code="x">Biotechnology </subfield>
  </datafield>
  <datafield tag="700" ind1="1" ind2="1">
   <subfield code="a">Halkai, </subfield>
   <subfield code="h">M.A </subfield>
  </datafield>
  <datafield tag="700" ind1="1" ind2="1">
   <subfield code="a">Ellaiah </subfield>
  </datafield>
 </record>
</collection>
